[Event "TCh-NOR Attack-serien 2010-11"]
[Site "Oslo NOR"]
[Date "2011.01.21"]
[Round "4"]
[White "Getz,N"]
[Black "Hagen,Ande"]
[Result "0-1"]
[WhiteElo "2317"]
[BlackElo "2084"]

1.e4 c5 2.Nf3 Nc6 3.Bb5 Nf6 4.Nc3 Qc7 5.O-O Nd4 6.Re1 a6 7.Bf1 e5 8.d3 d6
9.Bg5 Bg4 10.Be2 Nxe2+ 11.Qxe2 Be7 12.a4 O-O 13.Bxf6 Bxf6 14.Nd5 Qd8 15.a5 g6
16.h3 Be6 17.Nb6 Rb8 18.Nd2 Bg7 19.Nb1 Qg5 20.Qe3 Qh5 21.g4 Qh4 22.Qg3 Qd8
23.Nc3 Bh6 24.Ncd5 Kh8 25.Re2 f5 26.f3 Rf7 27.exf5 gxf5 28.Rxe5 f4 29.Qe1 dxe5
30.Qxe5+ Bg7 31.Qxe6 Qh4 32.Qe2 Bd4+ 33.Kf1 Qxh3+ 34.Qg2 Qxg2+ 35.Kxg2 Re8
36.Kf1 h5 37.c3 Be3 38.Kg2 hxg4 39.Rh1+ Kg7 40.fxg4 f3+ 41.Kg3 Bd2 42.Rf1 Be1+
43.Kh2 Re2+ 44.Kg1 Rf8  0-1

[Event "3rd Chennai Open"]
[Site "Chennai IND"]
[Date "2011.01.22"]
[Round "7"]
[White "Thakur,Ak"]
[Black "Aravindh Chithambaram Vr"]
[Result "1-0"]
[WhiteElo "2344"]
[BlackElo "2113"]

1.e4 c5 2.Nf3 Nc6 3.Bb5 g6 4.Bxc6 bxc6 5.d3 Bg7 6.Nc3 e5 7.Be3 d6 8.h3 Ne7
9.Qd2 O-O 10.Bh6 f5 11.Bxg7 Kxg7 12.exf5 Nxf5 13.Ne4 Nd4 14.Nxd4 cxd4 15.O-O Rf4
16.c3 c5 17.cxd4 cxd4 18.Rac1 Qb6 19.Rc2 Bb7 20.Rfc1 Bxe4 21.Rc7+ Kg8 22.dxe4 Raf8
23.R1c6 Qb8 24.f3 R4f7 25.Qc1 Kg7 26.Qc4 Qxb2 27.Rxd6 Qa3 28.Rdd7 Qe3+ 29.Kh1 Rxd7
30.Rxd7+ Kf6 31.Rxh7 Kg5 32.Qc5 Re8 33.Qc6 Rb8 34.f4+ Kxf4 35.Rf7+ Kg5 36.Qf6+ Kh5
37.Rh7+ Qh6 38.g4+  1-0

[Event "TCh-NOR Attack-serien 2010-11"]
[Site "Oslo NOR"]
[Date "2011.01.23"]
[Round "6"]
[White "Tisdall,J"]
[Black "Gullaksen,E"]
[Result "1/2-1/2"]
[WhiteElo "2420"]
[BlackElo "2364"]

1.e4 c5 2.Nf3 Nc6 3.Bb5 g6 4.O-O Bg7 5.c3 Nf6 6.Re1 O-O 7.d4 d5 8.e5 Ne4
9.h3 Qb6 10.Na3 cxd4 11.cxd4 Bf5 12.Be3 Rac8 13.Re2 a6 14.Bxc6 Rxc6 15.Ne1 Qa5
16.Nac2 f6 17.Nd3 Rfc8 18.Ncb4 Rc4 19.a3 Qd8 20.g4 Be6 21.f3 Ng5 22.Bxg5 fxg5
23.Nc5 Bf7 24.Nxb7 Qb6 25.Nc5 a5 26.Nc2 Qxb2 27.Rb1 Qa2 28.Ra1 Qb2 29.Rb1 Qa2
30.Ra1  1/2-1/2

[Event "3rd Chennai Open"]
[Site "Chennai IND"]
[Date "2011.01.24"]
[Round "9"]
[White "Zherebukh,Y"]
[Black "Stany,G"]
[Result "1-0"]
[WhiteElo "2565"]
[BlackElo "2395"]

1.e4 c5 2.Nf3 Nc6 3.Bb5 g6 4.Bxc6 dxc6 5.d3 Bg7 6.h3 b6 7.O-O Nh6 8.a4 a5
9.Be3 f6 10.d4 cxd4 11.Nxd4 e5 12.Nb3 Qc7 13.c4 O-O 14.c5 bxc5 15.Nxc5 Rd8
16.Qb3+ Nf7 17.Na3 Rb8 18.Qc3 Bf8 19.Rfc1 Bxc5 20.Qxc5 Be6 21.Rc2 Bb3 22.Qxc6 Qxc6
23.Rxc6 Rd6 24.Rc5 Bxa4 25.Nc4 Rd1+ 26.Rxd1 Bxd1 27.Rxa5 Be2 28.Nb6 Rb7 29.f3 Nd6
30.Kf2 Bd3 31.Rd5 Nc4 32.Rxd3 Nxe3 33.Nd7 Nc4 34.b3 Na5 35.Nxf6+ Kf7 36.Ng4 Ke6
37.Rd8 Nc6 38.Re8+ Kd6 39.Nf6 Nd4 40.Rh8 Rxb3 41.Nxh7 Rb2+ 42.Kg3 Ne6 43.Nf6 Nf4
44.Ng4 Rxg2+ 45.Kh4 Rh2 46.Nxh2  1-0

[Event "ch-AZE"]
[Site "Baku AZE"]
[Date "2011.01.26"]
[Round "6.4"]
[White "Abdulov,Or"]
[Black "Guseinov,G"]
[Result "0-1"]
[WhiteElo "2334"]
[BlackElo "2591"]

1.e4 c5 2.Nf3 Nc6 3.Bb5 g6 4.O-O Bg7 5.c3 Qb6 6.Na3 a6 7.Ba4 Nf6 8.e5 Nd5
9.Bb3 Nc7 10.Nc4 Qa7 11.a4 O-O 12.Re1 b5 13.axb5 Nxb5 14.d3 Qc7 15.Bf4 Bb7
16.Qd2 e6 17.Ng5 Ne7 18.Ne4 Bxe4 19.Rxe4 Nf5 20.Ne3 Nxe3 21.Qxe3 Qb6 22.Rc4 Rfc8
23.Bd1 Nc7 24.Rxc5 Qxb2 25.Qc1 Qxc1 26.Bxc1 Nd5 27.Rxa6 Rcb8 28.Rxa8 Rxa8
29.g3 Bf8 30.Rc4 Ra1 31.Bf3 Rxc1+ 32.Kg2 Nxc3 33.Rc7 d5  0-1

[Event "3rd Chennai Open"]
[Site "Chennai IND"]
[Date "2011.01.26"]
[Round "11"]
[White "Chernyshov,K"]
[Black "Tiwari,Ar"]
[Result "1-0"]
[WhiteElo "2597"]
[BlackElo "2346"]

1.e4 c5 2.Nf3 Nc6 3.Bb5 e6 4.O-O a6 5.Bxc6 bxc6 6.c4 d6 7.e5 f6 8.exd6 Bxd6
9.Nc3 Ne7 10.b3 e5 11.Ba3 f5 12.d3 Ng6 13.Na4 Qe7 14.Re1 O-O 15.Qd2 e4 16.dxe4 fxe4
17.Rxe4 Bxh2+ 18.Nxh2 Qxe4 19.Nxc5 Qh4 20.Re1 Bf5 21.Nb7 Nf4 22.Be7 Qh6 23.Qd6 Be6
24.Re4 Nh3+ 25.gxh3 Qc1+ 26.Kg2  1-0

[Event "TCh-CAT Div Hon"]
[Site "Barcelona ESP"]
[Date "2011.01.29"]
[Round "1"]
[White "Rivas Garcia,V"]
[Black "Ayas Fernandez,A"]
[Result "1/2-1/2"]
[WhiteElo "2247"]
[BlackElo "2343"]

1.e4 c5 2.Nf3 Nc6 3.Bb5 g6 4.O-O Bg7 5.c3 Nf6 6.Re1 O-O 7.h3 d5 8.e5 Ne8
9.d4 cxd4 10.cxd4 Nc7 11.Bf1 Ne6 12.Nc3 a6 13.a4 b6 14.Be3 f6 15.exf6 Bxf6
16.Rc1 Kh8 17.Qb3 Nexd4 18.Nxd4 Nxd4 19.Qxd5 Bf5 20.Red1 e5 21.f4 Nc2 22.Qb3 Nd4
23.Qd5 Nc2 24.Qb3 Nd4 25.Qc4 Be6 26.Qd3 Bf5 27.Ne4  1/2-1/2

[Event "LCK Winter Cup 2011"]
[Site "Lviv UKR"]
[Date "2011.01.29"]
[Round "4.6"]
[White "Dykun,O"]
[Black "Antoshkiv,A"]
[Result "1-0"]
[WhiteElo "2068"]
[BlackElo "1700"]

1.e4 c5 2.Nf3 Nc6 3.Bb5 d6 4.d4 cxd4 5.Nxd4 Bd7 6.O-O Nf6 7.Nc3 g6 8.Re1 Bg7
9.Bg5 O-O 10.Bxc6 Bxc6 11.Qd2 Rc8 12.Bh6 Qc7 13.Bxg7 Kxg7 14.Qg5 e6 15.Rad1 Ne8
16.Rd3 Qd8 17.Qd2 a6 18.Rh3 Rh8 19.Qh6+ Kg8 20.Rf3 Qe7 21.Rg3 Qf8 22.Qd2 Nf6
23.Rf3 Qe7 24.Qf4 Nh5 25.Qh6 Qf8 26.Qg5 Qd8 27.Qg4 Bd7 28.Rd3 Qe7 29.e5 dxe5
30.Rxe5 Rc5 31.Nf5 exf5 32.Rxe7 fxg4 33.Rdxd7 Rf5 34.Ne4 Nf6 35.Rxb7 Nxe4
36.Rxe4 h5 37.Rb8+ Kg7 38.Rxh8 Kxh8 39.Kf1 Kg7 40.Ke2 Kf6 41.c4 Ra5 42.a3 Ra4
43.Kd3 Ra5 44.Kd4 Rf5 45.Re2 g5 46.c5 Rf4+ 47.Kd5  1-0

[Event "Gibraltar Masters"]
[Site "Caleta ENG"]
[Date "2011.01.30"]
[Round "6.63"]
[White "Nikolaidis,K"]
[Black "Zanetti,B"]
[Result "1-0"]
[WhiteElo "2284"]
[BlackElo "2017"]

1.e4 c5 2.Nf3 Nc6 3.Bb5 a6 4.Bxc6 bxc6 5.O-O d5 6.Nc3 c4 7.b3 cxb3 8.axb3 e6
9.Qe2 Ne7 10.Bb2 Ng6 11.Na4 Be7 12.Bxg7 Nf4 13.Qe3 Nxg2 14.Qh6 Rg8 15.Qxh7 Kd7
16.Nb6+ Kc7 17.Nxa8+ Kb7 18.Kh1 dxe4 19.Ne5 Nh4 20.Rg1 Nf5 21.Nxf7 Qe8 22.Be5 Rxg1+
23.Rxg1 Kxa8 24.Rg8 Qd7 25.Nd6 Nxd6 26.Bxd6 Qxd6 27.Rxc8+ Kb7 28.Re8  1-0

[Event "Gibraltar Masters"]
[Site "Caleta ENG"]
[Date "2011.01.30"]
[Round "6.96"]
[White "Lee,Ka"]
[Black "Bauder,Her"]
[Result "1-0"]
[WhiteElo "1833"]
[BlackElo "2005"]

1.e4 c5 2.Nf3 Nc6 3.Bb5 g6 4.Bxc6 dxc6 5.h3 Bg7 6.d3 e5 7.Be3 Qe7 8.Nc3 Nf6
9.Qd2 O-O 10.Bh6 b6 11.O-O-O a5 12.g4 a4 13.Ne2 Rd8 14.Qg5 Re8 15.Ng3 Nd7
16.Qd2 f6 17.Rdg1 Kh8 18.Bxg7+ Qxg7 19.h4 Nf8 20.g5 Qf7 21.a3 f5 22.exf5 Bxf5
23.Re1 Nd7 24.Re3 Re7 25.Rhe1 Rae8 26.Qc3 Qg7 27.h5 Kg8 28.h6 Qh8 29.Nxf5 gxf5
30.Qc4+ Kf8 31.Qxa4 e4 32.Nh4 b5 33.Qa5 Qe5 34.Qc3 Kf7 35.Nxf5 Qxf5 36.Qg7+ Ke6
37.Rxe4+ Kd6 38.Rxe7 Rxe7 39.Qxe7+ Kc7  1-0

[Event "16th HIT Open"]
[Site "Nova Gorica SLO"]
[Date "2011.01.30"]
[Round "4"]
[White "Kolaric,S"]
[Black "Leonardi,Caterina"]
[Result "1-0"]
[WhiteElo "2049"]
[BlackElo "1730"]

1.e4 c5 2.Nf3 Nc6 3.Bb5 g6 4.Bxc6 dxc6 5.d3 Bg7 6.h3 e5 7.Be3 b6 8.Qd2 Ba6
9.O-O c4 10.Qc3 Ne7 11.dxc4 O-O 12.Nbd2 Qc7 13.Nh2 f5 14.Bg5 f4 15.Qa3 Nc8
16.Qxa6 h6 17.Bxh6 Bxh6 18.Ng4 Bg7 19.c5 b5 20.a4 Rb8 21.axb5 Rxb5 22.b3 Rxc5
23.c4 Qb8 24.Qa3 a5 25.Nf3 Qb4 26.Qxb4 axb4 27.Rfd1 Nb6 28.Ne1 Ra8 29.Rxa8+ Nxa8
30.Rd8+  1-0

[Event "16th HIT Open"]
[Site "Nova Gorica SLO"]
[Date "2011.01.30"]
[Round "5"]
[White "Kovacevic,A"]
[Black "Markus,Rob"]
[Result "1/2-1/2"]
[WhiteElo "2604"]
[BlackElo "2617"]

1.e4 c5 2.Nf3 Nc6 3.Bb5 g6 4.Bxc6 bxc6 5.O-O Bg7 6.Re1 Nh6 7.c3 O-O 8.d4 cxd4
9.cxd4 d6 10.h3 f6 11.Nc3 Nf7 12.Be3  1/2-1/2

[Event "Oceania Zonal"]
[Site "Rotorua NZL"]
[Date "2011.01.31"]
[Round "9.25"]
[White "Deen Cowell,N"]
[Black "Lynn,W"]
[Result "0-1"]
[WhiteElo "1917"]
[BlackElo "1962"]

1.e4 c5 2.Nf3 Nc6 3.Bb5 g6 4.Bxc6 dxc6 5.d3 Bg7 6.h3 c4 7.dxc4 Qxd1+ 8.Kxd1 Be6
9.Nbd2 Rd8 10.Ke2 Nf6 11.Rb1 O-O 12.b3 Rd7 13.Ng5 Rfd8 14.Nxe6 fxe6 15.f3 Nh5
16.Nf1 Rd1 17.g4 Nf4+ 18.Kf2 Bd4+ 19.Kg3 Ne2+ 20.Kg2 Rxc1 21.Rxc1 Nxc1 22.Ng3 Nxa2
23.Ne2 Nc3 24.Nf4 Be3 25.Nd3 Ne2 26.Re1 Nf4+ 27.Kg3 Nxd3 28.Rxe3 Ne5 29.f4 Nf7
30.e5 Rd2 31.c3 c5 32.b4 cxb4 33.cxb4 Rd4 34.Rc3 g5 35.fxg5 Nxg5 36.Kh4 h6
37.Kh5 Kg7 38.b5 Ne4 39.Rc1 Rd3 40.Kh4 Nf2 41.g5 Rxh3+  0-1

[Event "33rd Bulgarian Open"]
[Site "Plovdiv BUL"]
[Date "2011.02.01"]
[Round "4.15"]
[White "Dagkakis,P"]
[Black "Petrov,Marij"]
[Result "1/2-1/2"]
[WhiteElo "2232"]
[BlackElo "2535"]

1.e4 c5 2.Nf3 Nc6 3.Bb5 g6 4.Bxc6 dxc6 5.h3 Bg7 6.d3 Nf6 7.Nc3 Nd7 8.Be3 e5
9.Qd2 h6 10.Nh2 Qe7 11.O-O Nf8 12.f4 exf4 13.Bxf4 Ne6 14.Bg3 Nd4 15.Rae1 O-O
16.Nf3 Be6 17.e5 Nxf3+ 18.Rxf3 Bd5 19.Ne4 Bxe4 20.Rxe4 Rad8 21.Bh4 g5 22.Bf2 f5
23.Re2 b6 24.a3 h5 25.Qc3 Rd5 26.d4 g4 27.Rd3 f4 28.hxg4 hxg4 29.Kf1 Rf5
30.dxc5 Qe6 31.Rxd5 cxd5 32.c6 f3 33.Re1 Qh6 34.Kg1 fxg2 35.Kxg2 Rf3 36.Rh1 Rxc3
37.Rxh6 Rxc2 38.Rd6 g3 39.Rd8+ Kf7 40.Kxg3 Bxe5+ 41.Kf3 Rxc6 42.Rxd5 Ke6
43.Rd2 Rd6 44.Rxd6+ Kxd6 45.b3 Kd5 46.Ke2 Bd4 47.Be1 Bc5 48.a4 Bd4 49.a5  1/2-1/2

[Event "Gibraltar Masters"]
[Site "Caleta ENG"]
[Date "2011.02.03"]
[Round "10.39"]
[White "Al Sayed,Mohamad"]
[Black "Malmdin,N"]
[Result "1/2-1/2"]
[WhiteElo "2490"]
[BlackElo "2272"]

1.e4 c5 2.Nf3 Nc6 3.Bb5 d6 4.d4 cxd4 5.Qxd4 Bd7 6.Bxc6 Bxc6 7.Nc3 Nf6 8.Bg5 e6
9.O-O-O Be7 10.Rhe1 O-O 11.Kb1 h6 12.Bh4 Rc8 13.Qxa7 Ra8 14.Qd4 Qa5 15.Nd2 g5
16.Nb3 Qa6 17.Bg3 e5 18.Qd3 b5 19.a3 Qb7 20.h4 b4 21.axb4 Qxb4 22.hxg5 hxg5
23.Qd2 Rfb8 24.Qxg5+ Kf8 25.Bxe5 Nxe4 26.Qh6+ Ke8 27.Bxd6 Nxc3+ 28.bxc3 Ra1+
29.Kxa1 Qxc3+ 30.Kb1 Rxb3+ 31.cxb3 Qxb3+ 32.Ka1 Qc3+ 33.Ka2 Qc2+  1/2-1/2

[Event "TCh-CAT Div Hon"]
[Site "Barcelona ESP"]
[Date "2011.02.05"]
[Round "2"]
[White "Cruz,Jon"]
[Black "Perpinya Rofes,L"]
[Result "1/2-1/2"]
[WhiteElo "2402"]
[BlackElo "2368"]

1.e4 c5 2.Nf3 Nc6 3.Bb5 e6 4.O-O Nge7 5.a4 a6 6.Be2 d5 7.exd5 Qxd5 8.Na3 Rb8
9.Nc4 b5 10.axb5 axb5 11.Na3 c4 12.d3 cxd3 13.Bxd3 b4 14.Nc4 Ng6 15.Qe2 Bb7
16.c3 Be7 17.Bxg6 hxg6 18.Bf4 Rd8 19.Rfd1 Qc5 20.Nce5 Rxd1+ 21.Rxd1 Nxe5
22.Qxe5 O-O 23.Qxc5 Bxc5 24.Ne5 bxc3 25.bxc3 Ra8 26.h4 Be4 27.Bg3 f6 28.Nd7 Ba7
29.c4 Bc6 30.Nb8 Bxb8 31.Rd8+ Kf7 32.Rxb8 Rxb8 33.Bxb8 e5 34.f3 Ke6 35.Kf2 Bb7
36.Ke3 Ba6 37.c5 Kd5 38.Bd6 f5 39.g3 Bb5 40.Bf8 Bd7 41.Bxg7 Kxc5 42.Bxe5 Kd5
43.Kf4 Ke6 44.Bc3 Bc6 45.Kg5 Kf7 46.Kf4 Bb7 47.g4 fxg4 48.fxg4 Bc8 49.Kg5 Bd7
50.h5 gxh5 51.gxh5 Ba4  1/2-1/2

[Event "ch-TUR"]
[Site "Kemer-Antalya TUR"]
[Date "2011.02.05"]
[Round "1"]
[White "Duman,A"]
[Black "Okur,K"]
[Result "1-0"]
[WhiteElo "2201"]
[BlackElo "1930"]

1.e4 c5 2.Nf3 Nc6 3.Bb5 d6 4.O-O Bg4 5.c3 Nf6 6.d4 Qb6 7.Na3 a6 8.Qa4 Bxf3
9.gxf3 Rc8 10.Bxc6+ Qxc6 11.Qxc6+ Rxc6 12.Be3 e6 13.dxc5 dxc5 14.Nc4 b5 15.Ne5 Rc8
16.Rfd1 Be7 17.a4 b4 18.cxb4 cxb4 19.Rac1 O-O 20.Nc6 Bd8 21.Bb6 Bxb6 22.Ne7+ Kh8
23.Rxc8 Rxc8 24.Nxc8 Bc7 25.Rc1 Be5 26.Ne7 g6 27.Rc8+ Kg7 28.Nc6 Bxb2 29.Nxb4 Nd7
30.Nxa6 Nb6 31.Rb8 Bd4 32.a5 Nd7 33.Rd8 Ne5 34.f4 Nc6 35.Rd6  1-0

[Event "ch-TUR"]
[Site "Kemer-Antalya TUR"]
[Date "2011.02.05"]
[Round "1"]
[White "Kartal,K"]
[Black "Olcum,Berk"]
[Result "1-0"]
[WhiteElo "2022"]
[BlackElo "1844"]

1.e4 c5 2.Nf3 Nc6 3.Bb5 g6 4.Bxc6 dxc6 5.d3 Bg4 6.Nbd2 e5 7.h3 Bxf3 8.Nxf3 f6
9.Be3 Nh6 10.Qd2 Nf7 11.Qc3 b6 12.b4 Qd6 13.bxc5 bxc5 14.Rb1 Be7 15.O-O O-O
16.Rb7 Rfb8 17.Rfb1 Rxb7 18.Rxb7 Nd8 19.Rb1 Ne6 20.Qb3 Qd7 21.Nd2 Bd6 22.Qb7 Qc8
23.Nc4 Bf8 24.Na5 Nd4 25.Bxd4 cxd4 26.Qb3+ Kg7 27.Qc4 Rb8 28.Rxb8 Qxb8 29.Nxc6 Qb1+
30.Kh2 Qc1 31.g4 Qf1 32.Kg3 Qg1+ 33.Kf3 Qh1+ 34.Ke2 Qxh3 35.Qe6 h5 36.Qd7+ Kh8
37.Ne7 Qxg4+ 38.Qxg4 hxg4 39.Nxg6+ Kg7 40.Nh4 Kh6 41.Nf5+ Kg5 42.Kf1 a5 43.a4 Kg6
44.Ke2 Kg5 45.Ng3 Kf4 46.Nf5 Kg5 47.Kf1 Kg6 48.Kg2 Kh5 49.Ng3+ Kg5 50.Ne2 Bd6
51.c4 dxc3 52.Nxc3 Bb4 53.Nd5 Bc5 54.Nc7 Bd6 55.Nb5 Bc5 56.Nc7 Bd6 57.Ne6+ Kg6
58.Nd8 f5 59.Nc6 fxe4 60.dxe4 Bc7 61.Kg3 Kh5 62.Ne7 Bd8 63.Nf5 Bb6 64.Nd6 Bd4
65.Nc4 Bc3 66.Ne3 Bd2 67.Nxg4 Bf4+ 68.Kf3 Kg5 69.Ne3 Bxe3 70.Kxe3 Kg4 71.Ke2 Kg5
72.f3 Kh4 73.Kf2 Kh5 74.Ke2 Kh4 75.Kd3 Kg3 76.Ke3 Kh4 77.f4  1-0

[Event "TCh-SWE Elitserien 2010-11"]
[Site "Sweden SWE"]
[Date "2011.02.05"]
[Round "7"]
[White "Sagit,R"]
[Black "Svensson,M"]
[Result "1-0"]
[WhiteElo "2404"]
[BlackElo "2192"]

1.e4 c5 2.Nf3 Nc6 3.Bb5 e6 4.O-O Nge7 5.c3 d5 6.exd5 Qxd5 7.Re1 Bd7 8.Na3 Ng6
9.Bf1 Be7 10.Nc2 O-O 11.d4 cxd4 12.cxd4 Nb4 13.Ne3 Qd6 14.a3 Nd5 15.Nc4 Qc7
16.Bd2 Rad8 17.Rc1 Qb8 18.Qb3 Bf6 19.g3 Nge7 20.Nce5 Nc6 21.Ng4 Be7 22.h4 Kh8
23.h5 f6 24.h6 g6 25.Ne3 Nxe3 26.Rxe3 Qd6 27.d5 exd5 28.Rce1 d4 29.Rxe7 Nxe7
30.Bb4 Qb6 31.Nxd4 Nf5 32.Bxf8 Rxf8 33.Qxb6 axb6 34.Nxf5 Bxf5 35.Re7 Bc8
36.Bg2  1-0

[Event "ch-TUR"]
[Site "Kemer-Antalya TUR"]
[Date "2011.02.06"]
[Round "3"]
[White "Duman,A"]
[Black "Yuksel,A"]
[Result "1-0"]
[WhiteElo "2201"]
[BlackElo "2029"]

1.e4 c5 2.Nf3 Nc6 3.Bb5 Qb6 4.Nc3 e6 5.O-O Nd4 6.Ba4 Qa5 7.Bb3 Ne7 8.Nxd4 cxd4
9.Ne2 d3 10.cxd3 d5 11.d4 dxe4 12.Nc3 Nd5 13.Qh5 g6 14.Qe5 f6 15.Qxe4 Nc7
16.d5 e5 17.d4 Bf5 18.Qh4 Qa6 19.dxe5 fxe5 20.Re1 Bg7 21.Bh6 Qf6 22.Bg5 Qb6
23.Be7 g5 24.Bxg5 Qg6 25.Rad1 O-O 26.d6+ Ne6 27.d7 Bc2 28.Bxe6+ Qxe6  1-0

[Event "Moscow Open E"]
[Site "Moscow RUS"]
[Date "2011.02.06"]
[Round "9"]
[White "Kabanov,N"]
[Black "Belous,V"]
[Result "0-1"]
[WhiteElo "2482"]
[BlackElo "2497"]

1.e4 c5 2.Nf3 Nc6 3.Bb5 g6 4.Bxc6 dxc6 5.d3 Bg7 6.h3 Nh6 7.Nc3 f6 8.Be3 b6
9.Qd2 Nf7 10.O-O-O e5 11.Ng1 Be6 12.Kb1 Qe7 13.f4 O-O-O 14.Nf3 exf4 15.Bxf4 Rhe8
16.Rhe1 Kb7 17.Qf2 Qd7 18.g4 Qc8 19.Ne2 Ka8 20.Bc1 Nd6 21.b3 Bg8 22.Bb2 Rd7
23.Ng3 Kb7 24.Rd2 Qd8 25.a4 Bh6 26.Rde2 c4 27.g5 cxd3 28.Bxf6 Qc7 29.cxd3 Bf8
30.Ne5 Bxb3 31.Nxd7 Qxd7 32.Rb2 Bxa4 33.Ne2 Nb5 34.Qf3 Ba3 35.Ra2 Qd6 36.Ka1 Bb3
37.Rb1 Bxa2 38.Kxa2 Qc5 39.Ka1 Qc2 40.Bb2 Rf8 41.Bf6 Qa4 42.Rf1 Bc1+  0-1

[Event "1st Open"]
[Site "Cento ITA"]
[Date "2011.02.11"]
[Round "7"]
[White "Rozentalis,E"]
[Black "Piscopo,P"]
[Result "1-0"]
[WhiteElo "2588"]
[BlackElo "2406"]

1.e4 c5 2.Nf3 Nc6 3.Bb5 Nf6 4.Nc3 Qc7 5.d3 e6 6.O-O Be7 7.Re1 O-O 8.e5 Ne8
9.Bf4 a6 10.Bxc6 Qxc6 11.d4 b5 12.d5 Qb6 13.a4 b4 14.a5 Qb7 15.Na4 exd5 16.Nb6 Nc7
17.Nxa8 Qxa8 18.Bg5 Bxg5 19.Nxg5 h6 20.Nh3 Ne6 21.Qd2 Qc6 22.Nf4 Bb7 23.f3 d4
24.Nh5 Ng5 25.Qd3 c4 26.Qf5 b3 27.cxb3 d3 28.bxc4 Qxc4 29.Qf4 Qd5 30.Qe3 f6
31.Nf4 Qxe5 32.Qxe5 fxe5 33.Nxd3 d6 34.Ra3 Bc6 35.Nb4 Bb5 36.Rd1 e4 37.fxe4 Nxe4
38.Re3 Nf2 39.Rxd6 Ng4 40.Re1  1-0

[Event "1st Open"]
[Site "Cento ITA"]
[Date "2011.02.11"]
[Round "7"]
[White "Urosevic,G"]
[Black "Valguarnera,G"]
[Result "0-1"]
[WhiteElo "2228"]
[BlackElo "2164"]

1.e4 c5 2.Nf3 Nc6 3.Bb5 g6 4.O-O Bg7 5.Re1 Nd4 6.Nxd4 cxd4 7.c3 e6 8.e5 a6
9.Qa4 Ne7 10.cxd4 Nd5 11.Bf1 b5 12.Qb3 Bb7 13.Nc3 f5 14.a4 O-O 15.axb5 Qb6
16.Nxd5 Bxd5 17.Qb4 axb5 18.Rxa8 Rxa8 19.Qc5 Rb8 20.b4 Qb7 21.Ba3 Bf8 22.Qc3 Rc8
23.Qb2 Qb6 24.Bd3 Be7 25.f3 Kf7 26.Kf2 Bh4+ 27.g3 Be7 28.Ke3 Bg5+ 29.f4 Be7
30.Rc1 Qb7 31.Rxc8 Bh1 32.d5 Qxc8 33.dxe6+ dxe6 34.Be2 Qb7 35.Qb1 Qa7+  0-1

[Event "ch-TUR"]
[Site "Kemer-Antalya TUR"]
[Date "2011.02.11"]
[Round "8"]
[White "Deviren,E"]
[Black "Emiroglu,C"]
[Result "1/2-1/2"]
[WhiteElo "1857"]
[BlackElo "2176"]

1.e4 c5 2.Nf3 Nc6 3.Bb5 g6 4.O-O Bg7 5.c3 Nf6 6.Re1 O-O 7.d4 cxd4 8.cxd4 a6
9.Bf1 d5 10.e5 Ne4 11.Be3 f6 12.exf6 exf6 13.Nc3 Bg4 14.Be2 f5 15.g3 h6 16.h4 Kh7
17.a3 Re8 18.Qd3 Qd7 19.Rad1 Rad8 20.Kg2 Re7 21.Ng1 Bxe2 22.Ngxe2 Na5 23.Bc1 Nb3
24.Be3 Na5 25.Bc1 Rde8 26.Nf4 Nxc3 27.Rxe7 Rxe7 28.Qxc3 Nc6 29.Be3 Qd6 30.b4 Re4
31.f3 Re8 32.Bf2 g5 33.hxg5 hxg5 34.Nd3 b6 35.Rc1 Rc8 36.Qd2 Bf6 37.Be3 Kg6
38.Nf2 Na7 39.Rxc8 Nxc8 40.Qd3 b5 41.g4 Qe6 42.Nh1 Nd6 43.Ng3 Be7 44.gxf5+ Nxf5
45.Qc2 Bf6  1/2-1/2

[Event "ch-St Petersburg S/F 2011"]
[Site "St Petersburg RUS"]
[Date "2011.02.11"]
[Round "1.10"]
[White "Polonovsky,E"]
[Black "Pankov,Ger"]
[Result "1-0"]
[WhiteElo "2166"]
[BlackElo "2381"]

1.e4 c5 2.Nf3 Nc6 3.Bb5 e6 4.Bxc6 bxc6 5.e5 Ne7 6.O-O Ng6 7.d3 f6 8.Qe2 Qc7
9.exf6 gxf6 10.Nc3 d5 11.Bd2 Bd6 12.Nd1 Bd7 13.a3 h5 14.b4 cxb4 15.axb4 Kf7
16.c4 Nf4 17.Bxf4 Bxf4 18.g3 Bd6 19.c5 Be7 20.d4 h4 21.Nc3 a5 22.b5 cxb5
23.Nxb5 Qb7 24.Nc3 Qb4 25.Qe3 Rab8 26.Rfe1 hxg3 27.hxg3 Qc4 28.Rxa5 e5 29.Ra7 Rb3
30.Rxd7 Qxc3 31.Nxe5+ Ke6 32.Rxe7+  1-0

[Event "ch-St Petersburg Women"]
[Site "St Petersburg RUS"]
[Date "2011.02.11"]
[Round "1"]
[White "Ivkina,O"]
[Black "Sokolova,V"]
[Result "1-0"]
[WhiteElo "2281"]
[BlackElo "2053"]

1.e4 c5 2.Nf3 Nc6 3.Bb5 g6 4.Bxc6 dxc6 5.d3 Bg7 6.h3 Nf6 7.Nc3 O-O 8.Be3 b6
9.Qd2 Re8 10.O-O e5 11.a3 Ba6 12.Rfd1 Qc7 13.b4 cxb4 14.axb4 Bb7 15.Ra2 a5
16.bxa5 Rxa5 17.Rxa5 bxa5 18.Na4 Nd7 19.Rb1 Bf8 20.Qc3 Ba6 21.Nc5 Bxc5 22.Bxc5 a4
23.Nd2 Ra8 24.Ba3 c5 25.Nc4 Rb8 26.Rxb8+ Qxb8 27.Qa5 Qb5 28.Qd8+ Kg7 29.Nd6 Qb1+
30.Kh2 Nf6 31.Bxc5 a3 32.Nf5+ gxf5 33.exf5 Ne8 34.Qg5+ Kh8 35.Qe7 Kg7 36.Qxe5+ f6
37.Qe7+ Kh6 38.Be3+  1-0

[Event "ch-St Petersburg S/F 2011"]
[Site "St Petersburg RUS"]
[Date "2011.02.11"]
[Round "1.20"]
[White "Alekseenko,K"]
[Black "Pershin,Denis"]
[Result "0-1"]
[WhiteElo "2309"]
[BlackElo "1975"]

1.e4 c5 2.Nf3 Nc6 3.Bb5 g6 4.Bxc6 dxc6 5.h3 Bg7 6.O-O Nf6 7.d3 Nd7 8.Nc3 e5
9.Be3 Qe7 10.Nd2 Nf8 11.f4 exf4 12.Bxf4 Ne6 13.Bg3 Nd4 14.Nc4 O-O 15.Bd6 Qg5
16.Qc1 Qh5 17.Bxf8 Bxf8 18.Qf4 Be6 19.Rf2 b5 20.Ne3 Bh6 21.Qg3 Bg5 22.Ng4 Bh4
23.Nf6+ Bxf6 24.Rxf6 b4 25.Qd6 bxc3 26.bxc3 Ne2+ 27.Kh2 Re8 28.Raf1 Nxc3
29.Qc7 Rc8 30.Qe7 Qe5+ 31.Kh1 Ne2 32.Re1 Ng3+ 33.Kg1 Rc7 34.Qd8+ Kg7 35.Rf3 Nh5
36.Ref1 Rd7 37.Qe8 Qd4+ 38.R1f2 g5 39.Kh2 Qd6+ 40.e5 Qxe5+ 41.g3 Qc7 42.Kg2 Re7
43.Qa8 Bd5  0-1

[Event "TCh-CAT Div Hon"]
[Site "Barcelona ESP"]
[Date "2011.02.12"]
[Round "3"]
[White "Ayas Fernandez,A"]
[Black "Armengol Comas,J"]
[Result "1-0"]
[WhiteElo "2343"]
[BlackElo "2207"]

1.e4 c5 2.Nf3 Nc6 3.Bb5 e6 4.O-O Nge7 5.c3 a6 6.Ba4 b5 7.Bb3 d5 8.e5 d4 9.cxd4 Nxd4
10.Nxd4 Qxd4 11.d3 Bb7 12.a4 b4 13.Nd2 Qxe5 14.Nc4 Qc7 15.Qg4 Ng6 16.h4 h5
17.Qg3 O-O-O 18.Be3 Be7 19.Rac1 Rxd3 20.Bc2 Qxg3 21.fxg3 Rxe3 22.Nxe3 Ne5
23.b3 Rd8 24.Rfd1 f5 25.Rxd8+ Kxd8 26.Bd1 g6 27.Be2 Bd6 28.Rd1 Ke7 29.Kf2 Ng4+
30.Nxg4 hxg4 31.Bc4 Be5 32.Rh1 Bd4+ 33.Kf1 Kf6 34.h5 gxh5 35.Rxh5 Kg6 36.Rh1 Bd5
37.Bxd5 exd5 38.Ke2 Be5 39.Rd1 c4 40.Rxd5 cxb3 41.Kd3 Bxg3 42.Ra5 f4 43.Rxa6+ Kf5
44.Rb6 Bf2 45.Rb5+ Ke6 46.Rxb4 f3 47.Rxg4 b2 48.Kc2 fxg2 49.Rxg2 Bd4 50.Rd2 Kd5
51.a5 Kc5 52.Rxd4  1-0

[Event "ch-TUR"]
[Site "Kemer-Antalya TUR"]
[Date "2011.02.12"]
[Round "9"]
[White "Onem,C"]
[Black "Kuruz,Y"]
[Result "1/2-1/2"]
[WhiteElo "2036"]
[BlackElo "1885"]

1.e4 c5 2.Nf3 Nc6 3.Bb5 g6 4.Bxc6 dxc6 5.d3 Bg7 6.Nc3 Nf6 7.O-O O-O 8.h3 Qc7
9.Be3 b6 10.Qd2 Rd8 11.Bh6 Nh5 12.g4 Nf6 13.Bf4 Qd7 14.Ne5 Qe6 15.Qe3 h5
16.gxh5 Nxh5 17.Ng4 Nxf4 18.Qxf4 Kh7 19.e5 Qf5 20.Qg3 Rh8 21.Rae1 Qh5 22.Kg2 Kg8
23.f4 Bf5 24.Ne4 Qh4 25.Qxh4 Rxh4 26.Kg3 Rh5 27.Ng5 Bh6 28.h4 Bxg5 29.fxg5 Bxg4
30.Kxg4 e6 31.Re4 Rd8 32.Rf3 Kg7 33.Kg3 Rhh8 34.Kf2 Rd7 35.Ke3 Rhd8 36.Ref4 Rh8
37.Re4 Rhd8 38.Rff4 Rd5 39.Rf3 Rd4 40.Rxd4 cxd4+ 41.Ke4 c5 42.c3 b5 43.Rf4 a5
44.cxd4 Rxd4+ 45.Ke3 Rd5 46.Re4 a4 47.a3 Kf8 48.Kd2 Ke7 49.Kc2 Kd7 50.Rf4 Ke8
51.Re4 Kf8 52.Kc3 Ke7 53.Kc2 Kd8 54.Kc3  1/2-1/2

[Event "ch-TUR"]
[Site "Kemer-Antalya TUR"]
[Date "2011.02.12"]
[Round "9"]
[White "Guven,B"]
[Black "Yuksel,A"]
[Result "0-1"]
[WhiteElo "1809"]
[BlackElo "2029"]

1.e4 c5 2.Nf3 Nc6 3.Bb5 Qb6 4.Nc3 e6 5.Bxc6 Qxc6 6.d4 cxd4 7.Qxd4 Nf6 8.e5 Bc5
9.Qh4 Nd5 10.Ne4 Be7 11.Bg5 O-O 12.Nf6+ gxf6 13.Bxf6 Nxf6 14.exf6 Bxf6 15.Qxf6 Qxc2
16.Ne5 Qf5 17.Qxf5 exf5 18.O-O d6 19.Nf3 Be6 20.a3 Kg7 21.Nd4 Kf6 22.f4 Bd5
23.Rfd1 Be4 24.Nb5 d5 25.Rd4 Rac8 26.Nc3 Ke6 27.Rad1 Rfd8 28.Kf2 h5 29.h4 Rd6
30.g3 a6 31.Ke3 Rcc6 32.R1d2 f6 33.Kf2 Rc5 34.a4 Rb6 35.Nd1 Rc2 36.Rxc2 Bxc2
37.Ne3 Be4 38.b4 Rc6 39.a5 Rc1 40.Ke2 Rb1 41.Kf2 Rb2+ 42.Kf1 Bf3 43.Kg1 Re2
44.Rd3 Be4 45.Ra3 d4 46.Nc4 Rc2 47.Nb6 d3 48.g4 d2  0-1

[Event "16th Lienz-Open 2011"]
[Site "Lienz AUT"]
[Date "2011.02.12"]
[Round "1"]
[White "Pruell,L"]
[Black "Schmittdiel,E"]
[Result "0-1"]
[WhiteElo "1933"]
[BlackElo "2492"]

1.e4 c5 2.Nf3 Nc6 3.Bb5 e6 4.O-O Nge7 5.c4 a6 6.Bxc6 Nxc6 7.b3 b5 8.Na3 b4
9.Nc2 Be7 10.d4 cxd4 11.Ncxd4 Bb7 12.Nxc6 Bxc6 13.Qe2 Qc7 14.Bb2 O-O 15.Ne5 Bb7
16.Rad1 Rad8 17.Rd3 f6 18.Nf3 Bc5 19.Rfd1 Qc6 20.Bd4 Be7 21.Re1 e5 22.Bb2 Bc5
23.Nd2 d6 24.Qh5 Rd7 25.Qf5 Rdf7 26.Rh3 g6 27.Qf3 Qb6 28.Re2 f5 29.Qd3 Bxf2+
30.Kh1 fxe4 31.Nxe4 Bg3  0-1

[Event "TCh-NED"]
[Site "Netherlands NED"]
[Date "2011.02.12"]
[Round "6.10"]
[White "Bierenbroodspot,P"]
[Black "Bus,T"]
[Result "1-0"]
[WhiteElo "2213"]
[BlackElo "2186"]

1.e4 c5 2.Nf3 Nc6 3.Bb5 Na5 4.O-O a6 5.Be2 b5 6.a4 b4 7.d4 cxd4 8.Qxd4 e6
9.Rd1 Qc7 10.Qd3 Bb7 11.c4 Nf6 12.e5 Ne4 13.Be3 Rc8 14.Nbd2 Nc5 15.Bxc5 Bxc5
16.Ne4 Bxe4 17.Qxe4 Qb6 18.Qh4 h6 19.Qg3 O-O 20.Nd2 f5 21.exf6 Rxf6 22.Ne4 Rf7
23.Bh5 Rf5 24.Rxd7 Bd4 25.Rd1 Be5 26.Qg6 Nxc4 27.Rxg7+ Bxg7 28.Rd7  1-0